e-Business : (Record no. 2938)
[ view plain ]
| 000 -LEADER | |
|---|---|
| fixed length control field | 02278nam a2200517 a 4500 |
| 003 - CONTROL NUMBER IDENTIFIER | |
| control field | AKMAL |
| 005 - DATE AND TIME OF LATEST TRANSACTION | |
| control field | 20170518164723.0 |
| 008 - FIXED-LENGTH DATA ELEMENTS--GENERAL INFORMATION | |
| fixed length control field | 170518s2000 my e i 001 0 eng d |
| 020 ## - INTERNATIONAL STANDARD BOOK NUMBER | |
| International Standard Book Number | 9837204559 (pbk.) : |
| Terms of availability | RM17.50 |
| 040 ## - CATALOGING SOURCE | |
| Original cataloging agency | AKMAL |
| 082 04 - DEWEY DECIMAL CLASSIFICATION NUMBER | |
| Classification number | 658.05 DUR |
| Edition number | 21 |
| 090 00 - LOCALLY ASSIGNED LC-TYPE CALL NUMBER (OCLC); LOCAL CALL NUMBER (RLIN) | |
| Classification number (OCLC) (R) ; Classification number, CALL (RLIN) (NR) | 658.05 |
| Local cutter number (OCLC) ; Book number/undivided call number, CALL (RLIN) | DUR |
| 100 1# - MAIN ENTRY--PERSONAL NAME | |
| Personal name | Durie, Bruce |
| 9 (RLIN) | 6146 |
| 245 10 - TITLE STATEMENT | |
| Title | e-Business : |
| Remainder of title | how to make money running a business on the internet / |
| Statement of responsibility, etc. | Bruce Durie |
| 246 30 - VARYING FORM OF TITLE | |
| Title proper/short title | How to make money running a business on the internet |
| 260 ## - PUBLICATION, DISTRIBUTION, ETC. | |
| Place of publication, distribution, etc. | Kuala Lumpur : |
| Name of publisher, distributor, etc. | Golden Books Centre, |
| Date of publication, distribution, etc. | 2000 |
| 300 ## - PHYSICAL DESCRIPTION | |
| Extent | 157p. ; |
| Dimensions | 22cm. |
| 504 ## - BIBLIOGRAPHY, ETC. NOTE | |
| Bibliography, etc. note | Includes bibliographical references and index |
| 650 #0 - SUBJECT ADDED ENTRY--TOPICAL TERM | |
| Topical term or geographic name entry element | Electronic commerce |
| General subdivision | Management |
| 9 (RLIN) | 6147 |
| 650 #0 - SUBJECT ADDED ENTRY--TOPICAL TERM | |
| Topical term or geographic name entry element | Business enterprises |
| General subdivision | Computer network resources |
| 9 (RLIN) | 6148 |
| 650 #0 - SUBJECT ADDED ENTRY--TOPICAL TERM | |
| Topical term or geographic name entry element | Internet marketing |
| 9 (RLIN) | 6149 |
| 942 ## - ADDED ENTRY ELEMENTS (KOHA) | |
| Source of classification or shelving scheme | |
| Koha item type | Book |
| Withdrawn status | Lost status | Source of classification or shelving scheme | Damaged status | Not for loan | Collection code | Home library | Current library | Shelving location | Date acquired | Inventory number | Total Checkouts | Full call number | Barcode | Date last seen | Price effective from | Koha item type |
|---|---|---|---|---|---|---|---|---|---|---|---|---|---|---|---|---|
| NON-FICTION | AKMAL Melaka | AKMAL Melaka | PINJAMAN | 18.05.2017 | 602283 | 658.05 DUR | 201703759 | 18.05.2017 | 18.05.2017 | Book |
